Study on chemical composition of common feedstuffs for cattle feeding in tonlesap lake and mekong river, ការសិក្សាលើសារធាតុគីមី នៃចំណីសត្វគោដែលកសិករប្រើប្រាស់នៅតំបន់បឹងទន្លេសាប និងទន្លេមេគង្គ (Record no. 2358)

000 -LEADER
fixed length control field 00721nam a22001577a 4500
003 - CONTROL NUMBER IDENTIFIER
control field OSt
005 - DATE AND TIME OF LATEST TRANSACTION
control field 20151020134915.0
008 - FIXED-LENGTH DATA ELEMENTS--GENERAL INFORMATION
fixed length control field 151020b xxu||||| |||| 00| 0 eng d
040 ## - CATALOGING SOURCE
Transcribing agency RUA
082 ## - DEWEY DECIMAL CLASSIFICATION NUMBER
Classification number AVM HEN 2010 B096 Or.1
100 ## - MAIN ENTRY--PERSONAL NAME
9 (RLIN) 2505
Personal name HENG, SILA.
245 ## - TITLE STATEMENT
Title Study on chemical composition of common feedstuffs for cattle feeding in tonlesap lake and mekong river, ការសិក្សាលើសារធាតុគីមី នៃចំណីសត្វគោដែលកសិករប្រើប្រាស់នៅតំបន់បឹងទន្លេសាប និងទន្លេមេគង្គ
260 ## - PUBLICATION, DISTRIBUTION, ETC. (IMPRINT)
Place of publication, distribution, etc. Phnom Penh
Name of publisher, distributor, etc. RUA
Date of publication, distribution, etc. 2010
300 ## - PHYSICAL DESCRIPTION
Extent x; 43p.
Other physical details ill.
Dimensions 29cm.
942 ## - ADDED ENTRY ELEMENTS (KOHA)
Source of classification or shelving scheme
Koha item type AVM

No items available.

មជ្ឈមណ្ឌលឯការនៃសាកលវិទ្យាល័យភូមិន្ទកសិកម្មចំការដូង

Powered by Koha